| 000 | 00512nam a2200181Ia 4500 | ||
|---|---|---|---|
| 008 | 100917s9999 xx 000 0 und d | ||
| 082 | _b59344 | ||
| 100 | _aकोल्हटकर प्र. श्री. | ||
| 245 | _aअलका टॉकीज | ||
| 260 |
_bमॉडर्न बुक डेपो _c--- |
||
| 300 | _a71 | ||
| 365 | _b1 | ||
| 520 | _aनाटक | ||
| 630 | _aअलका टॉकीज | ||
| 650 | _aनाटक | ||
| 730 | _aअलका टॉकीज | ||
| 942 | _cBOOK | ||
| 999 |
_c664738 _d664735 |
||